Competitive barriers, their importance for competition policy and theoretical approaches to them

Význam konkurenčných bariér. Prehľad teoretických prístupov ku konkurečným bariéram od 2. svetovej vojny až po súčasnosť.

Na minha lista:
Detalhes bibliográficos
Autor principal: Tokárová, Mária
Formato: Capítulo de Livro
Idioma:inglês
Assuntos:
Tags: Adicionar Tag
Sem tags, seja o primeiro a adicionar uma tag!

MARC

LEADER 00000nla a2200000 4500
001 0237427
005 20240502094805.7
041 0 |a eng 
044 |a CZ 
245 1 0 |a Competitive barriers, their importance for competition policy and theoretical approaches to them  |c Mária Tokárová 
520 |a Význam konkurenčných bariér. Prehľad teoretických prístupov ku konkurečným bariéram od 2. svetovej vojny až po súčasnosť. 
610 2 0 |a súťaž hospodárska 
610 2 0 |a politika súťažná 
610 2 0 |a konkurencia 
610 2 0 |a konkurencia trhová 
610 2 0 |a konkurencia medzinárodná 
610 2 0 |a bariéry konkurenčné 
610 2 0 |a trhy 
610 2 0 |a spotrebitelia 
610 2 0 |a konkurencieschopnosť 
100 1 |a Tokárová, Mária